Statistics for "Federal Republic of" countries

Click here to take the quiz!

General Stats

  • This quiz has been taken 8 times
  • The average score is 2 of 5

Answer Stats

Hint Answer % Correct
Federal RepublicGermany
100%
Federal Democratic RepublicEthiopia
38%
Federal RepublicNigeria
25%
Federal RepublicSomalia
25%
Federal Democratic RepublicNepal
13%

Score Distribution

Percentile by Number Answered

Percent of People with Each Score

Your Score History

You have not taken this quiz